000 00726nas a2200265 454500
001 IICA0700964
003 BR-BrBNA
005 20260323111557.0
007 ta
008 260323b bl.|||p| |||| 00| 00por d
040 _aBR-BrBNA
_bpor
_cBiblioteca Nacional de Agricultura
041 _a(En)
072 _aH20
100 1 _aPusposendjojo, N.
100 1 _aChristensen, C.M.
245 1 _aFungus flora of coconuts
300 _av. 27(3) p. 255-258
650 _aCOCO
650 _aCOCOS NUCIFERA
650 _aFUNGO
650 _aDOENCA DE PLANTA
773 0 _tTURRIALBA (IICA)
_X0041-4360
_g(Jul-Sep 1977), v. 27(3) p. 255-258
_wIICA0700964
909 _a202603
_bLúcia
_c55
_dLúcia Elande
942 _2IICA
_n0
_cANA
999 _c340948
_d340948